000 00653nam a2200181 i 4500
001 22154
003 ES-MaACL
005 20251019063037.0
007 t|
008 181210s1960 sp ||||1| spa d
100 1 _aDostoievski, Fiódor,
_d1821-1881
_9242371
245 1 4 _aLos hermanos Karamazov ; Crimen y castigo ; Stepanchikovo y sus habitantes ; El Jugador / Fiedor Mikailovich Dostoyevsky ; [traducción por J. Zambrano Barragán].
260 _aMadrid :
_bF.D.A.F.,
_c[1960]
300 _a1954 p. :
_b1 lám. retr. aut. ;
_c18 cm.
700 0 _aZambrano Barragán, J.
_9117920
852 _aES-MaACL
_jB-10115
999 _c22154
_d22154